00201nam a22000857a 4500100001700000245003600017260002800053300001000081600002400091 aChand Ramesh aIndia's agricultural challenges aNew DelhibCentadc2005 a257p. aAgricultural policy